Toàn cầu hoá về một số vấn đề toàn cầu trong những thập niên đầu thế kỉ XXI /
Сохранить в:
| Главный автор: | |
|---|---|
| Формат: | Статья |
| Язык: | Vietnamese |
| Предметы: | |
| Метки: |
Добавить метку
Нет меток, Требуется 1-ая метка записи!
|
| Thư viện lưu trữ: | Thư viện Trường Đại học Đà Lạt |
|---|
| LEADER | 00920nam a2200301 4500 | ||
|---|---|---|---|
| 001 | DLU090103337 | ||
| 040 | # | # | |a DLU |b vie |
| 041 | # | # | |a vie |
| 044 | # | # | |a vn |
| 100 | # | # | |a Nguyễn Thế Nghĩa |
| 245 | # | # | |a Toàn cầu hoá về một số vấn đề toàn cầu trong những thập niên đầu thế kỉ XXI / |c Nguyễn Thế Nghĩa |
| 653 | # | # | |a Bảo vệ môi sinh |
| 653 | # | # | |a Bảo vệ môi trường |
| 653 | # | # | |a GDP |
| 653 | # | # | |a Tăng trưởng kinh tế |
| 653 | # | # | |a Thế kỉ 21 |
| 653 | # | # | |a Toàn cầu hoá |
| 773 | # | # | |a Tạp chí Khoa học Xã hội |g Số 4(62) - 2003, tr. 26 - 31 |
| 920 | # | # | |a Phòng Tạp chí -- Trung tâm Thông tin - Thư viện Trường Đại học Đà Lạt |
| 933 | # | # | |a QT |
| 994 | # | # | |a DLU |
| 900 | # | # | |a True |
| 911 | # | # | |a Nguyễn Năng Hải |
| 925 | # | # | |a G |
| 926 | # | # | |a A |
| 927 | # | # | |a BB |
| 980 | # | # | |a Thư viện Trường Đại học Đà Lạt |